[Event "BL2-Ost 1011"]
[Site "Germany"]
[Date "2011.02.06"]
[Round "6.7"]
[White "Andresen, Steffen"]
[Black "Kuznetsov, Volodymyr"]
[Result "1-0"]
[WhiteElo "2310"]
[BlackElo "2172"]
[PlyCount "109"]
[EventDate "2010.10.10"]
[EventType "team-tourn"]
[EventRounds "9"]
[EventCountry "GER"]
[SourceTitle "EXT 2012"]
[Source "ChessBase"]
[SourceDate "2011.11.24"]
[SourceVersion "1"]
[SourceVersionDate "2011.11.24"]
[SourceQuality "1"]
[WhiteTeam "Dresden TU"]
[BlackTeam "Bindlach"]
[WhiteTeamCountry "GER"]
[BlackTeamCountry "GER"]

1. c4 Nf6 2. Nc3 g6 3. e4 d6 4. d4 Bg7 5. f3 0-0 6. Be3 e5 7. d5 a5 8. Bd3 Na6 9. Nge2 Nc5 10. Bc2 b6 11. Qd2 Qd7 12. g4 Ba6 13. b3 b5 14. cxb5 Bxb5 15. Ng3 Rfd8 16. h4 a4 17. b4 Na6 18. a3 c5 19. Nxb5 Qxb5 20. Bd3 c4 21. Be2 Rdc8 22. Rc1 Rc7 23. Kf2 Rac8 24. Rc3 Nb8 25. h5 Nbd7 26. g5 Nxh5 27. Nxh5 gxh5 28. Rxh5 Nf8 29. Bf1 Qe8 30. Rh1 f6 31. Bh3 Rb8 32. Qc1 fxg5 33. Bxg5 Qb5 34. Bf5 Rbb7 35. Bd8 Qb6+ 36. Ke2 Qd4 37. Rd1 Bh6 38. Bg5 Qxc3 39. Qxc3 Bxg5 40. Rb1 Rb5 41. Rg1 h6 42. Qc2 c3 43. Qxa4 Rb8 44. Qc2 Kf7 45. Rb1 Bd2 46. b5 Nd7 47. Bxd7 Rxd7 48. a4 Rdb7 49. Kd3 Ke7 50. Qd1 Rf8 51. b6 Kd8 52. a5 Kc8 53. a6 Rbf7 54. b7+ Kb8 55. a7+ 1-0

[Event "BL2-Ost 0910"]
[Site "Germany"]
[Date "2010.03.01"]
[Round "7.8"]
[White "Meissner, Felix"]
[Black "Andresen, Steffen"]
[Result "0-1"]
[WhiteElo "2121"]
[BlackElo "2316"]
[PlyCount "60"]
[EventDate "2009.10.18"]
[EventType "team-tourn"]
[EventRounds "9"]
[EventCountry "GER"]
[SourceTitle "EXT 2011"]
[Source "ChessBase"]
[SourceDate "2010.11.26"]
[SourceVersion "1"]
[SourceVersionDate "2010.11.26"]
[SourceQuality "1"]
[WhiteTeam "Leipzig Gohlis"]
[BlackTeam "Dresden USV"]
[WhiteTeamCountry "GER"]
[BlackTeamCountry "GER"]

1. e4 c5 2. Nf3 Nc6 3. d4 cxd4 4. Nxd4 Nf6 5. Nc3 d6 6. Bc4 e6 7. Be3 a6 8. Qe2 Qc7 9. 0-0-0 Na5 10. Bb3 b5 11. f3 Nxb3+ 12. axb3 Be7 13. g4 Bb7 14. h4 b4 15. Na4 d5 16. e5 Qxe5 17. Qd2 Qc7 18. Rde1 0-0 19. h5 Bc8 20. g5 Ne8 21. f4 Nd6 22. Qg2 Ne4 23. g6 fxg6 24. hxg6 h6 25. Ref1 Bd7 26. Kb1 Bf6 27. Ne2 Rac8 28. Rc1 Bxa4 29. bxa4 Qc6 30. Qh3 Rfe8 0-1

[Event "BL2-Ost 0910"]
[Site "Germany"]
[Date "2010.01.24"]
[Round "5.7"]
[White "Andresen, Steffen"]
[Black "Martin, Thomas"]
[Result "0-1"]
[WhiteElo "2316"]
[BlackElo "2308"]
[PlyCount "76"]
[EventDate "2009.10.18"]
[EventType "team-tourn"]
[EventRounds "9"]
[EventCountry "GER"]
[SourceTitle "EXT 2011"]
[Source "ChessBase"]
[SourceDate "2010.11.26"]
[SourceVersion "1"]
[SourceVersionDate "2010.11.26"]
[SourceQuality "1"]
[WhiteTeam "Dresden USV"]
[BlackTeam "Nuernberg"]
[WhiteTeamCountry "GER"]
[BlackTeamCountry "GER"]

1. c4 Nf6 2. Nc3 g6 3. e4 d6 4. d4 Bg7 5. f3 e5 6. d5 Nfd7 7. h4 h5 8. Be3 a5 9. Bd3 Na6 10. a3 Ndc5 11. Bc2 Bd7 12. Rb1 b6 13. b4 Nb7 14. Qd2 Ke7 15. f4 Bg4 16. Nf3 Bxf3 17. gxf3 exf4 18. Bxf4 Kf8 19. Nb5 axb4 20. axb4 Nb8 21. Bb3 Nd7 22. Kf2 Ne5 23. Kg2 Kg8 24. Bg5 Qd7 25. Qe2 Kh7 26. Rhf1 Rhe8 27. Rbc1 Kg8 28. Rce1 Kh7 29. f4 Ng4 30. f5 Re5 31. Qf3 Nd8 32. f6 Bh6 33. Bxh6 Nxh6 34. Ra1 Qc8 35. Rxa8 Qxa8 36. Nxc7 Qa3 37. b5 Ng4 38. Na6 Qb2+ 0-1

[Event "BL2-Ost 0001"]
[Site "Germany"]
[Date "2001.01.07"]
[Round "4.4"]
[White "Schubert, Thomas"]
[Black "Andresen, Steffen"]
[Result "1-0"]
[WhiteElo "2319"]
[BlackElo "2303"]
[PlyCount "81"]
[EventDate "2000.10.15"]
[EventType "team-tourn"]
[EventRounds "9"]
[EventCountry "GER"]
[SourceTitle "CBM 082 Extra"]
[Source "ChessBase"]
[SourceDate "2001.07.03"]
[SourceVersion "1"]
[SourceVersionDate "2001.07.03"]
[SourceQuality "1"]
[WhiteTeam "Leipzig Lok Mitte"]
[BlackTeam "Dresden"]
[WhiteTeamCountry "GER"]
[BlackTeamCountry "GER"]

1. d4 Nf6 2. Nf3 e6 3. c4 b6 4. a3 Bb7 5. Nc3 d5 6. Bg5 Be7 7. Bxf6 Bxf6 8. cxd5 exd5 9. g3 0-0 10. Bg2 c5 11. Rc1 Nd7 12. 0-0 cxd4 13. Nxd4 Nc5 14. Rc2 Ne4 15. Ndb5 Be5 16. f4 Bxc3 17. Nxc3 Rc8 18. Bxe4 dxe4 19. Qxd8 Rfxd8 20. Kf2 Rd7 21. Ke3 Rcd8 22. Rfc1 f5 23. Nb1 Rd1 24. Rc7 Rxc1 25. Rxc1 Rd7 26. Nc3 Bc6 27. Rd1 Rc7 28. Rd4 Bd7 29. Rd6 Kf7 30. Nd5 Rb7 31. Kd4 Be6 32. Ke5 Bxd5 33. Rxd5 g6 34. Kd6 Re7 35. Re5 Rxe5 36. fxe5 Ke8 37. Ke6 e3 38. Kf6 Kf8 39. h4 b5 40. h5 gxh5 41. Kxf5 1-0

[Event "Oberliga Ost-A 9899"]
[Site "Germany"]
[Date "1998.??.??"]
[Round "?"]
[White "Csulits, Anton"]
[Black "Andresen, Steffen"]
[Result "1-0"]
[WhiteElo "2300"]
[BlackElo "2295"]
[PlyCount "99"]
[EventDate "1998.10.??"]
[EventType "team"]
[EventRounds "11"]
[EventCountry "GER"]
[SourceTitle "EXT 2000"]
[Source "ChessBase"]
[SourceDate "1999.11.16"]
[SourceVersion "1"]
[SourceVersionDate "1999.11.16"]
[SourceQuality "1"]

1. d4 Nf6 2. Nf3 e6 3. g3 b6 4. Bg2 Bb7 5. 0-0 Be7 6. c4 0-0 7. d5 exd5 8. Nh4 c6 9. cxd5 Nxd5 10. Nf5 Bc5 11. e4 Ne7 12. Nxg7 Kxg7 13. b4 Ba6 14. bxc5 Bxf1 15. Bxf1 f6 16. Bb2 Ng6 17. Na3 Qe7 18. Nc4 Qxe4 19. Nd6 Qb4 20. Nf5+ Kh8 21. Rb1 Qxc5 22. Qg4 d5 23. Bd4 Qc2 24. Re1 Kg8 25. Nh6+ Kg7 26. Re7+ Kh8 27. Bxf6+ Rxf6 28. Re8+ Kg7 29. Rg8+ Kxh6 30. Qh3+ Kg5 31. f4+ Rxf4 32. gxf4+ Kf6 33. Qxh7 Qc5+ 34. Kh1 Nxf4 35. Qh6+ Ke5 36. Re8+ Kf5 37. Rf8+ Qxf8 38. Qxf8+ Ke4 39. Qe7+ Kf3 40. Qb7 Kf2 41. Qxa8 Kxf1 42. h4 Nd7 43. Qxc6 Nc5 44. Qc7 Ncd3 45. Qxa7 b5 46. Kh2 Ke2 47. Kg3 b4 48. Kg4 Kd2 49. Qd4 Kc2 50. h5 1-0

[Event "Oberliga Ost A 9697"]
[Site "Germany"]
[Date "1997.03.02"]
[Round "7.1"]
[White "Andresen, Steffen"]
[Black "Zschaemisch, Dirk"]
[Result "0-1"]
[WhiteElo "2345"]
[BlackElo "2305"]
[PlyCount "52"]
[EventDate "1996.10.13"]
[EventType "team"]
[EventRounds "9"]
[EventCountry "GER"]
[SourceTitle "EXT 2011"]
[Source "ChessBase"]
[SourceDate "2010.11.26"]
[SourceVersion "1"]
[SourceVersionDate "2010.11.26"]
[SourceQuality "1"]
[WhiteTeam "Dresden SC"]
[BlackTeam "Leipzig Lok Mitte II"]
[WhiteTeamCountry "GER"]
[BlackTeamCountry "GER"]

1. c4 e5 2. Nc3 Nf6 3. g3 d5 4. cxd5 Nxd5 5. Bg2 Nb6 6. Nf3 Nc6 7. 0-0 Be7 8. Rb1 a5 9. d3 0-0 10. Bd2 Be6 11. Qc1 h6 12. b3 f5 13. Na4 e4 14. Ne1 Nxa4 15. bxa4 Nd4 16. Qd1 Bxa2 17. Rxb7 Qd5 18. Rb2 Ba3 19. dxe4 fxe4 20. Rxa2 Qxa2 21. Bxe4 Rad8 22. Nd3 Bb4 23. Nxb4 axb4 24. Qe1 Rfe8 25. Bb1 Qxd2 26. Qxd2 Nxe2+ 0-1

[Event "BL2-Ost 9798"]
[Site "Germany"]
[Date "1997.??.??"]
[Round "2.3"]
[White "Andresen, Steffen"]
[Black "Schoebel, Wolfgang"]
[Result "1/2-1/2"]
[WhiteElo "2335"]
[BlackElo "2255"]
[PlyCount "44"]
[EventDate "1997.10.??"]
[EventType "team-tourn"]
[EventRounds "9"]
[EventCountry "GER"]
[SourceTitle "EXT 1999"]
[Source "ChessBase"]
[SourceDate "1998.11.16"]
[SourceVersion "1"]
[SourceVersionDate "1998.11.16"]
[SourceQuality "1"]
[WhiteTeam "Dresden II"]
[BlackTeam "Schoeneck"]
[WhiteTeamCountry "GER"]
[BlackTeamCountry "GER"]

1. c4 Nf6 2. Nc3 d5 3. cxd5 Nxd5 4. e4 Nxc3 5. dxc3 Qxd1+ 6. Kxd1 e5 7. f4 Nd7 8. Nf3 Nc5 9. fxe5 Nxe4 10. Be3 Bf5 11. Bc4 Bc5 12. Nd4 Bg6 13. Rf1 0-0 14. Ke2 Rae8 15. e6 Nd6 16. exf7+ Bxf7 17. Rxf7 Rxf7 18. Bxf7+ Nxf7 19. b3 Bd6 20. g3 Ne5 21. Kd2 Ng4 22. Bg1 a6 1/2-1/2

[Event "EU-Cup 12th Group7"]
[Site "Bratislava"]
[Date "1996.09.08"]
[Round "3"]
[White "Andresen, Steffen"]
[Black "Bakic, Rados"]
[Result "1/2-1/2"]
[WhiteElo "2345"]
[BlackElo "2445"]
[PlyCount "65"]
[EventDate "1996.09.06"]
[EventType "team-k.o."]
[EventRounds "3"]
[EventCountry "SVK"]
[SourceTitle "EXT 2020"]
[Source "ChessBase"]
[SourceDate "2019.10.17"]
[SourceVersion "1"]
[SourceVersionDate "2019.10.17"]
[SourceQuality "1"]
[WhiteTeam "Dresden SC 1898"]
[BlackTeam "Belgrade Partizan"]
[WhiteTeamCountry "GER"]
[BlackTeamCountry "YUG"]

1. c4 g6 2. Nc3 Bg7 3. e4 c5 4. g3 Nc6 5. Bg2 d6 6. d3 Nf6 7. Nge2 0-0 8. 0-0 Rb8 9. h3 a6 10. f4 Ne8 11. a4 Nc7 12. b3 b5 13. axb5 axb5 14. Ra2 bxc4 15. bxc4 Na6 16. Ra3 Nab4 17. Kh2 Bd7 18. Nb5 Qb6 19. Be3 Ra8 20. Qc1 Rxa3 21. Qxa3 Nc2 22. Qc1 Nxe3 23. Qxe3 Nd4 24. Nexd4 cxd4 25. Qd2 Qc5 26. Ra1 Rb8 27. Ra5 Bf6 28. Bf3 Bxb5 29. Qb2 e6 30. Rxb5 Rxb5 31. cxb5 Bd8 32. Bg2 Ba5 33. Qb3 1/2-1/2

[Event "Bundesliga 9596"]
[Site "Germany"]
[Date "1996.??.??"]
[Round "?.8"]
[White "Hille, Ralph Ingo"]
[Black "Andresen, Steffen"]
[Result "0-1"]
[WhiteElo "2260"]
[BlackElo "2350"]
[PlyCount "120"]
[EventDate "1995.10.14"]
[EventType "team-tourn"]
[EventRounds "15"]
[EventCountry "GER"]
[SourceTitle "GER-chT"]
[Source "ChessBase"]
[SourceDate "1999.07.01"]
[SourceVersion "1"]
[SourceVersionDate "1999.07.01"]
[SourceQuality "1"]
[WhiteTeam "Castrop Rauxel"]
[BlackTeam "Dresden"]
[WhiteTeamCountry "GER"]
[BlackTeamCountry "GER"]

1. d4 Nf6 2. g3 e6 3. Bg2 c5 4. Nf3 d5 5. 0-0 Nc6 6. c4 dxc4 7. Qa4 cxd4 8. Nxd4 Qxd4 9. Bxc6+ Bd7 10. Rd1 Qxd1+ 11. Qxd1 Bxc6 12. Bg5 Bc5 13. Bxf6 gxf6 14. Nd2 c3 15. bxc3 0-0-0 16. Qc2 h5 17. h4 Rhg8 18. Kf1 f5 19. e3 Rd7 20. Nb3 Be4 21. Qb2 Bb6 22. a4 Rgd8 23. a5 Bc7 24. Ke2 Rd5 25. Ra4 e5 26. c4 Rd1 27. Nc5 Bg2 28. f3 Bf1+ 29. Kf2 R1d2+ 30. Qxd2 Rxd2+ 31. Kxf1 Bd6 32. Nb3 Rd3 33. c5 Rxe3 34. cxd6 Rxf3+ 35. Ke2 Rxb3 36. Rc4+ Kd7 37. Rc7+ Kxd6 38. Rxf7 Ke6 39. Rh7 Rxg3 40. Rxb7 Rg4 41. Rxa7 Rxh4 42. Rh7 Ra4 43. a6 h4 44. Kf2 Kd5 45. a7 f4 46. Kf3 Ra3+ 47. Kg4 h3 48. Kf5 Kd4 49. Rd7+ Ke3 50. Kxe5 Ra5+ 51. Kd6 f3 52. Re7+ Kd2 53. Kc6 h2 54. Rh7 Rxa7 55. Rxh2+ Ke1 56. Rh8 Re7 57. Kd6 Re3 58. Rh1+ Ke2 59. Kd5 f2 60. Kd4 Re8 0-1

[Event "Bundesliga 9596"]
[Site "Germany"]
[Date "1996.??.??"]
[Round "?.8"]
[White "Poldauf, Dirk"]
[Black "Andresen, Steffen"]
[Result "1-0"]
[WhiteElo "2430"]
[BlackElo "2350"]
[PlyCount "74"]
[EventDate "1995.10.14"]
[EventType "team-tourn"]
[EventRounds "15"]
[EventCountry "GER"]
[SourceTitle "GER-chT"]
[Source "ChessBase"]
[SourceDate "1999.07.01"]
[SourceVersion "1"]
[SourceVersionDate "1999.07.01"]
[SourceQuality "1"]
[WhiteTeam "Berlin Empor"]
[BlackTeam "Dresden"]
[WhiteTeamCountry "GER"]
[BlackTeamCountry "GER"]

1. c4 b6 2. d4 Bb7 3. d5 e6 4. a3 exd5 5. cxd5 c5 6. e4 d6 7. Nc3 g6 8. f4 Bg7 9. Nf3 a6 10. a4 Nd7 11. Bc4 Ne7 12. 0-0 0-0 13. Qe1 Re8 14. Qh4 h6 15. Bd2 Nf6 16. Rae1 Qd7 17. h3 Rab8 18. g4 Bc8 19. Ne5 dxe5 20. fxe5 g5 21. Qg3 Nh5 22. gxh5 Qxh3 23. Qxh3 Bxh3 24. d6 Bxf1 25. Rxf1 Nc6 26. Bxf7+ Kh8 27. Bxe8 Rxe8 28. Nd5 Nxe5 29. Nxb6 Rd8 30. Bc3 Rxd6 31. Nd5 Nd7 32. Rf7 Bxc3 33. Nxc3 Ne5 34. Re7 Nc6 35. Rc7 c4 36. Kf2 Ne5 37. Ke3 Ng4+ 1-0

[Event "Bundesliga 9596"]
[Site "Germany"]
[Date "1996.??.??"]
[Round "?.8"]
[White "Von Naso, Lancelot"]
[Black "Andresen, Steffen"]
[Result "1-0"]
[WhiteElo "2095"]
[BlackElo "2350"]
[PlyCount "65"]
[EventDate "1995.10.14"]
[EventType "team-tourn"]
[EventRounds "15"]
[EventCountry "GER"]
[SourceTitle "GER-chT"]
[Source "ChessBase"]
[SourceDate "1999.07.01"]
[SourceVersion "1"]
[SourceVersionDate "1999.07.01"]
[SourceQuality "1"]
[WhiteTeam "Tuebingen"]
[BlackTeam "Dresden"]
[WhiteTeamCountry "GER"]
[BlackTeamCountry "GER"]

1. f4 c5 2. Nf3 Nc6 3. g3 d5 4. Bg2 Nf6 5. 0-0 g6 6. d3 Bg7 7. Nc3 0-0 8. e4 d4 9. Ne2 b5 10. a4 bxa4 11. h3 Nd7 12. Rxa4 Nb6 13. Ra1 a5 14. f5 c4 15. g4 cxd3 16. cxd3 Ba6 17. e5 Nd5 18. e6 fxe6 19. Ng5 Bc8 20. Nf4 Nxf4 21. Bxf4 Ra6 22. fxg6 hxg6 23. Qe1 Nb4 24. Qh4 Rf6 25. Qh7+ Kf8 26. Be5 Qe8 27. Ne4 Qf7 28. Rac1 Rc6 29. Bxf6 exf6 30. Rxc6 Nxc6 31. Ng5 Qe8 32. Bxc6 Qxc6 33. Rxf6+ 1-0

[Event "Dresden op 04th"]
[Site "Dresden"]
[Date "1995.??.??"]
[Round "?"]
[White "Andresen, Steffen"]
[Black "Enzmann, Steffen"]
[Result "0-1"]
[WhiteElo "2385"]
[BlackElo "2135"]
[PlyCount "50"]
[EventDate "1995.07.??"]
[EventType "swiss"]
[EventRounds "9"]
[EventCountry "GER"]
[SourceTitle "EXT 1997"]
[Source "ChessBase"]
[SourceDate "1996.11.15"]
[SourceVersion "1"]
[SourceVersionDate "1996.11.15"]
[SourceQuality "1"]

1. c4 Nf6 2. Nc3 g6 3. e4 d6 4. d4 Bg7 5. f3 0-0 6. Be3 Nc6 7. Nge2 a6 8. Qd2 Rb8 9. h4 h5 10. Nc1 e5 11. d5 Nd4 12. Nb3 Nxb3 13. axb3 c5 14. b4 cxb4 15. Na4 b5 16. cxb5 axb5 17. Qxb4 Ne8 18. Bd3 f5 19. Ke2 fxe4 20. Bxb5 exf3+ 21. gxf3 Nc7 22. Nb6 Qf6 23. Raf1 Bh6 24. Bg5 Bxg5 25. hxg5 Qd8 0-1

[Event "Bundesliga 9596"]
[Site "Germany"]
[Date "1995.??.??"]
[Round "?.7"]
[White "Andresen, Steffen"]
[Black "Schlemermeyer, Wilhelm"]
[Result "1-0"]
[WhiteElo "2385"]
[BlackElo "2345"]
[PlyCount "104"]
[EventDate "1995.10.14"]
[EventType "team-tourn"]
[EventRounds "15"]
[EventCountry "GER"]
[SourceTitle "GER-chT"]
[Source "ChessBase"]
[SourceDate "1999.07.01"]
[SourceVersion "1"]
[SourceVersionDate "1999.07.01"]
[SourceQuality "1"]
[WhiteTeam "Dresden"]
[BlackTeam "Delmenhorst"]
[WhiteTeamCountry "GER"]
[BlackTeamCountry "GER"]

1. c4 e6 2. Nc3 b6 3. e4 Bb7 4. Nf3 Bb4 5. Bd3 Na6 6. Bc2 Nc5 7. Qe2 d6 8. d4 Bxc3+ 9. bxc3 Nd7 10. 0-0 Ne7 11. h4 Ba6 12. Bd3 e5 13. h5 Nc6 14. Bg5 f6 15. Be3 Qe7 16. Nh4 Qf7 17. Nf5 Ne7 18. Ng3 g5 19. a4 0-0 20. a5 Kh8 21. Ra4 Nc6 22. axb6 axb6 23. Rfa1 Bb7 24. Rxa8 Rxa8 25. Rxa8+ Bxa8 26. Nf5 Bb7 27. Qg4 Bc8 28. Qf3 Na5 29. Nh6 Qf8 30. Ng4 h6 31. Kh2 Kg7 32. Bc1 Nb3 33. Bb2 Qf7 34. Ne3 Nf8 35. g3 Na5 36. Kg2 Kh7 37. Qd1 Ne6 38. Be2 Ng7 39. c5 Bb7 40. cxb6 cxb6 41. d5 Bc8 42. Ba3 Qc7 43. Bg4 Nb7 44. Bxc8 Qxc8 45. Qf3 Qd8 46. Nc4 Qc7 47. Ne3 Qf7 48. g4 Qe7 49. Qe2 Qc7 50. Qb5 Qxc3 51. Qd7 Qd3 52. Qxb7 Qxe4+ 1-0

[Event "Oberliga Ost-A 9495"]
[Site "Germany"]
[Date "1995.??.??"]
[Round "?"]
[White "Birke, Andreas"]
[Black "Andresen, Steffen"]
[Result "0-1"]
[WhiteElo "2255"]
[BlackElo "2395"]
[PlyCount "120"]
[EventDate "1994.10.??"]
[EventType "team"]
[EventRounds "9"]
[EventCountry "GER"]
[SourceTitle "GER"]
[Source "ChessBase"]
[SourceDate "1999.07.01"]
[SourceVersion "1"]
[SourceVersionDate "1999.07.01"]
[SourceQuality "1"]

1. e4 c5 2. Nf3 Nc6 3. c3 d5 4. exd5 Qxd5 5. d4 Bg4 6. Be2 cxd4 7. cxd4 e6 8. Nc3 Qa5 9. 0-0 Nf6 10. h3 Bh5 11. a3 Be7 12. Be3 0-0 13. b4 Qd8 14. Qb3 Rc8 15. Rfd1 Nd5 16. Ne4 Bg6 17. Bd3 Bd6 18. Nc5 Qe7 19. Bg5 Qc7 20. Bxg6 hxg6 21. Rac1 b6 22. Nd3 Qd7 23. Nde5 Qe8 24. Re1 Nce7 25. Rxc8 Qxc8 26. Rc1 Qb7 27. Bxe7 Nxe7 28. Nxf7 Rxf7 29. Qxe6 Bf4 30. Rc3 Qd5 31. Qe2 Bd6 32. h4 Rf6 33. Re3 Nf5 34. Re8+ Rf8 35. Re4 Rf7 36. Re8+ Rf8 37. Re4 a5 38. bxa5 bxa5 39. a4 Rf7 40. Re8+ Rf8 41. Re4 Bb4 42. Rg4 Rc8 43. Re4 Rc1+ 44. Kh2 Rc7 45. Re8+ Bf8 46. Qb2 Rb7 47. Qc3 Rb3 48. Qc8 Qd6+ 49. Ne5 Nxd4 50. Qc4+ Kh7 51. Qf7 Qf6 52. g3 Qxf7 53. Nxf7 Kg8 54. Ng5 Nf3+ 55. Kh3 Nxg5+ 56. hxg5 Rb4 57. f4 Rxa4 58. Ra8 Ra3 59. Kh4 Kf7 60. Ra7+ Ke6 0-1

[Event "Dresden op 04th"]
[Site "Dresden"]
[Date "1995.??.??"]
[Round "?"]
[White "Schikor, Torsten"]
[Black "Andresen, Steffen"]
[Result "1/2-1/2"]
[WhiteElo "2120"]
[BlackElo "2385"]
[PlyCount "63"]
[EventDate "1995.07.??"]
[EventType "swiss"]
[EventRounds "9"]
[EventCountry "GER"]
[SourceTitle "EXT 1997"]
[Source "ChessBase"]
[SourceDate "1996.11.15"]
[SourceVersion "1"]
[SourceVersionDate "1996.11.15"]
[SourceQuality "1"]

1. e4 c5 2. Nf3 Nc6 3. d4 cxd4 4. Nxd4 Nf6 5. Nc3 d6 6. Be2 e5 7. Nf3 h6 8. 0-0 Be7 9. Re1 0-0 10. h3 a6 11. Bf1 Qc7 12. Nd5 Nxd5 13. exd5 Na5 14. c4 Bd7 15. Bd2 Bf6 16. Rc1 e4 17. Rxe4 Bxb2 18. Qe1 b6 19. Rb1 Bf6 20. Rf4 Rfe8 21. Qc1 Be5 22. Rh4 Bf5 23. Rb4 Qd8 24. g3 Bf6 25. Rf4 Be4 26. Bc3 Bxc3 27. Qxc3 Bxf3 28. Qxf3 Qc7 29. Bd3 Re5 30. Bc2 b5 31. Qd3 g6 32. cxb5 1/2-1/2

[Event "Bundesliga 9596"]
[Site "Germany"]
[Date "1995.??.??"]
[Round "?.7"]
[White "Schlingensiepen, Christian"]
[Black "Andresen, Steffen"]
[Result "1/2-1/2"]
[WhiteElo "2295"]
[BlackElo "2385"]
[PlyCount "85"]
[EventDate "1995.10.14"]
[EventType "team-tourn"]
[EventRounds "15"]
[EventCountry "GER"]
[SourceTitle "GER-chT"]
[Source "ChessBase"]
[SourceDate "1999.07.01"]
[SourceVersion "1"]
[SourceVersionDate "1999.07.01"]
[SourceQuality "1"]
[WhiteTeam "Passau"]
[BlackTeam "Dresden"]
[WhiteTeamCountry "GER"]
[BlackTeamCountry "GER"]

1. e4 c5 2. d3 Nc6 3. Nc3 g6 4. g3 Bg7 5. Bg2 e6 6. Be3 d6 7. Qd2 Nd4 8. Nd1 Ne7 9. c3 Ndc6 10. Bh6 0-0 11. h4 f6 12. Bxg7 Kxg7 13. Ne3 d5 14. Ne2 d4 15. cxd4 cxd4 16. Nc4 b5 17. Na3 Rb8 18. h5 g5 19. f4 gxf4 20. gxf4 e5 21. Bh3 Qa5 22. Qxa5 Nxa5 23. Rc1 Nac6 24. h6+ Kh8 25. Bxc8 Rfxc8 26. Kd2 Rg8 27. Rc5 a6 28. Rhc1 Rbc8 29. Nc2 b4 30. Ne1 Rg6 31. Nf3 Rxh6 32. fxe5 fxe5 33. Nxe5 Nxe5 34. Rxc8+ Nxc8 35. Rxc8+ Kg7 36. Nxd4 Rh3 37. Nf5+ Kf6 38. d4 Nd3 39. Rc6+ Kg5 40. Ne3 Nxb2 41. Nd5 Rh2+ 42. Ke3 Nd1+ 43. Kd3 1/2-1/2

[Event "Bundesliga 9394"]
[Site "Germany"]
[Date "1994.03.20"]
[Round "11.7"]
[White "Andresen, Steffen"]
[Black "Poldauf, Dirk"]
[Result "1-0"]
[WhiteElo "2370"]
[BlackElo "2425"]
[PlyCount "89"]
[EventDate "1993.11.06"]
[EventType "team-tourn"]
[EventRounds "15"]
[EventCountry "GER"]
[SourceTitle "GER-chT"]
[Source "ChessBase"]
[SourceDate "1999.07.01"]
[SourceVersion "1"]
[SourceVersionDate "1999.07.01"]
[SourceQuality "1"]
[WhiteTeam "Dresden"]
[BlackTeam "Berlin Empor"]
[WhiteTeamCountry "GER"]
[BlackTeamCountry "GER"]

1. c4 Nf6 2. Nc3 g6 3. e4 d6 4. d4 Bg7 5. f3 0-0 6. Be3 e5 7. d5 Nh5 8. Qd2 f5 9. 0-0-0 Nd7 10. Bd3 a6 11. Kb1 Nc5 12. Bc2 b5 13. b4 Nd7 14. cxb5 axb5 15. Nxb5 Ndf6 16. exf5 gxf5 17. Ne2 Bd7 18. Nec3 Qb8 19. a4 f4 20. Bf2 e4 21. Bd4 e3 22. Qd3 Be8 23. Qc4 Rf7 24. g4 fxg3 25. hxg3 Nxg3 26. Rh3 Ngh5 27. Bxe3 Re7 28. Bf2 Qc8 29. Rdh1 Bg6 30. Nd4 Nf4 31. Bxg6 hxg6 32. Rh4 g5 33. Rxf4 gxf4 34. Ne6 Qe8 35. Rg1 Qh5 36. Bd4 Qh7+ 37. Kc1 Nh5 38. Ne4 Ng3 39. Nxg7 Qh2 40. Nf5 Kf7 41. Nxe7 Ne2+ 42. Kb1 Nxg1 43. Qxc7 Nxf3 44. Ng8+ Kg6 45. Qg7+ 1-0

[Event "Bundesliga 9394"]
[Site "Germany"]
[Date "1994.02.27"]
[Round "9.6"]
[White "Andresen, Steffen"]
[Black "Wegner, Hannu"]
[Result "1/2-1/2"]
[WhiteElo "2370"]
[BlackElo "2385"]
[PlyCount "81"]
[EventDate "1993.11.06"]
[EventType "team-tourn"]
[EventRounds "15"]
[EventCountry "GER"]
[SourceTitle "GER-chT"]
[Source "ChessBase"]
[SourceDate "1999.07.01"]
[SourceVersion "1"]
[SourceVersionDate "1999.07.01"]
[SourceQuality "1"]
[WhiteTeam "Dresden"]
[BlackTeam "Hamburger SK"]
[WhiteTeamCountry "GER"]
[BlackTeamCountry "GER"]

1. c4 Nf6 2. Nc3 c5 3. Nf3 Nc6 4. e3 e6 5. d4 d5 6. cxd5 Nxd5 7. Bd3 cxd4 8. exd4 Be7 9. 0-0 0-0 10. Bc2 Qd6 11. Bg5 Rd8 12. Qd3 g6 13. Ne4 Qc7 14. Bxe7 Qxe7 15. Ba4 Bd7 16. Qd2 Nf6 17. Nc3 Nb4 18. Bb3 Bc6 19. Ne5 Bd5 20. Ba4 Rac8 21. a3 Na6 22. Rfe1 Nc7 23. Qh6 Qf8 24. Qh4 Qg7 25. f4 Na8 26. Rad1 Nb6 27. Bb5 a6 28. Bf1 Bb3 29. Rd2 Nbd5 30. Nxd5 Bxd5 31. Bd3 Ne8 32. Rc2 Qf6 33. Qxf6 Nxf6 34. Rec1 Rxc2 35. Rxc2 Ne8 36. Kf2 Kf8 37. Ke3 Ke7 38. Be4 Bxe4 39. Kxe4 f6 40. Nf3 Nd6+ 41. Kd3 1/2-1/2

[Event "Bundesliga 9394"]
[Site "Germany"]
[Date "1994.01.29"]
[Round "6.7"]
[White "Gabriel, Christian"]
[Black "Andresen, Steffen"]
[Result "1-0"]
[WhiteElo "2530"]
[BlackElo "2370"]
[PlyCount "61"]
[EventDate "1993.11.06"]
[EventType "team-tourn"]
[EventRounds "15"]
[EventCountry "GER"]
[SourceTitle "GER-chT"]
[Source "ChessBase"]
[SourceDate "1999.07.01"]
[SourceVersion "1"]
[SourceVersionDate "1999.07.01"]
[SourceQuality "1"]
[WhiteTeam "Bayern Muenchen"]
[BlackTeam "Dresden"]
[WhiteTeamCountry "GER"]
[BlackTeamCountry "GER"]

1. Nf3 Nf6 2. c4 b6 3. g3 Bb7 4. Bg2 e6 5. Nc3 Be7 6. d4 Ne4 7. Bd2 f5 8. d5 Bf6 9. Qc2 Na6 10. Rd1 0-0 11. 0-0 Qe7 12. Ne1 Nxc3 13. Bxc3 exd5 14. cxd5 c6 15. Bxf6 Rxf6 16. Nd3 Re8 17. Rfe1 Qf7 18. e4 fxe4 19. Rxe4 cxd5 20. Rxe8+ Qxe8 21. Nf4 Nc5 22. Nxd5 Re6 23. Qc3 Ne4 24. Qc4 Nd6 25. Qc1 Re5 26. h3 Ne4 27. Qc4 Qe6 28. Ne3 d5 29. Qc7 Qf7 30. Qxe5 Qxf2+ 31. Kh2 1-0